Strength tests of timber at mill : how Forest Service has brought testing machine to South Carolina sawmill.

Bibliographic Details
Corporate Author: Burton, E.P., Lumber Co
Format: Government Document eBook
Language:English
Published: Washington, D.C. : [publisher not identified], 1906.
Subjects:
Online Access:Connect to the full text of this electronic document

MARC

Tag First Indicator Second Indicator Subfields
LEADER 00000cam a22000001a 4500
001 in00003626558
005 20190408171802.0
006 m o d f
007 cr bn mmmapmmp
008 011112s1906 dcu o f000 0 eng d
035 |a ebd1909401837 
040 |a UMI  |c UMI  |d UtOrBLW 
086 0 |a A 13.6:101 
099 |a A1306-101 
245 0 0 |a Strength tests of timber at mill :  |b how Forest Service has brought testing machine to South Carolina sawmill. 
264 1 |a Washington, D.C. :  |b [publisher not identified],  |c 1906. 
300 |a 1 online resource (1 pages) 
336 |a text  |b txt  |2 rdacontent 
337 |a computer  |b c  |2 rdamedia 
338 |a online resource  |b cr  |2 rdacarrier 
500 |a [Press bulletin]. 
500 |a Record is based on bibliographic data in ProQuest U.S. Executive Branch Documents, 1789-1909. Reuse except for individual research requires license from ProQuest, LLC. 
533 |a Electronic reproduction.  |b [Bethesda, Md.] :  |c ProQuest,  |d 2012.  |e digital, PDF file.  |n ProQuest U.S. Executive Branch Documents, 1789-1909.  |n Mode of access: World Wide Web via ProQuest website. 
538 |a System requirements: PDF reader software. 
500 |a Electronic resource. 
650 0 |a Timber.  |0 http://id.loc.gov/authorities/subjects/sh85135386 
655 7 |a Electronic books.  |2 local 
710 2 |a Burton, E.P., Lumber Co. 
776 1 8 |i Microfiche version:  |t Strength tests of timber at mill  |o CIS US Exec MF A1306-101  |w (ProQuest)cis19042654 
856 4 0 |u http://proxy.library.tamu.edu/login?url=http://congressional.proquest.com/congressional/docview/t66.d71.a1306-101  |z Connect to the full text of this electronic document  |t 0 
999 f f |s 4220350e-8028-3fde-9e48-a3b7d4d6ff70  |i 97c99172-e2d2-37d8-89d1-e5127e2e31fc  |t 0 
952 f f |a Texas A&M University  |b College Station  |c Electronic Resources  |d Available Online  |t 0  |h No information provided 
998 f f |t 0  |l Available Online